000 00971cam a2200301 i 4500
001 15331166
003 EG-ScBUE
005 20260125093202.0
008 080616s2008 enka b 001 0 eng
020 _a0199208042
020 _a9780199208043 (pbk. : alk. paper)
040 _aEG-ScBUE
_beng
_erda
_cEG-ScBUE
_dEG-ScBUE
082 0 4 _a572.80285
_222
_bLES
100 1 _aLesk, Arthur M.,
_eauthor.
_932910
245 1 0 _aIntroduction to Bioinformatics /
_cArthur M. Lesk.
246 3 0 _aBioinformatics
250 _aThird edition
264 1 _aOxford ;
_aNew York :
_bOxford University Press,
_c2008.
300 _axxii, 474 pages :
_billustrations (some color) ;
_c25 cm
336 _2rdacontent
_atext
_btxt
337 _aunmediated
_2rdamedia
_bn
338 _avolume
_bnc
_2rdacarrier
504 _aIncludes bibliographical references and index.
650 7 _aBioinformatics.
_2BUEsh
_932911
653 _cMarch2013
655 _vReading book
942 _2ddc
_cBB
999 _c17381
_d17353